Normal view
MARC view
Entry Topical Term
001 - CONTROL NUMBER
- control field: 321667
003 - CONTROL NUMBER IDENTIFIER
- control field: OSt
005 - DATE AND TIME OF LATEST TRANSACTION
- control field: 20220926015133.0
008 - FIXED-LENGTH DATA ELEMENTS
- fixed length control field: 220926|| aca||aabn | a|a d
040 ## - CATALOGING SOURCE
- Original cataloging agency: OSt
- Transcribing agency: OSt
150 ## - HEADING--TOPICAL TERM
- Topical term or geographic name entry element: Economics Thought
670 ## - SOURCE DATA FOUND
- Source citation: Work cat.: (OSt)630647: Kindleberger Charles P, World economic primacy 1500-1990, 1996
